000 00609nam a2200265Ia 4500
005 20260306164144.0
008 008 260114s9999 xx 000 0 eng d
020 _a9780231528078
037 _aEBOOK
040 _aCRL
040 _beng
040 _cCRL
041 _2eng
041 _aeng
084 _qCRL
100 _aVattimo, Zabala
_91130111
245 0 _aHermeneutic Communism
260 _bColumbia University Press
260 _c2015
650 _aPhilosophy
856 _uhttps://academic.oup.com/book/13994
942 _cEBOOK
999 _c1712967
_d1712967